<?xml version="1.0" encoding="UTF-8"?><?xml-stylesheet type="text/xsl" href="static/style.xsl"?><OAI-PMH xmlns="http://www.openarchives.org/OAI/2.0/" xmlns:xsi="http://www.w3.org/2001/XMLSchema-instance" xsi:schemaLocation="http://www.openarchives.org/OAI/2.0/ http://www.openarchives.org/OAI/2.0/OAI-PMH.xsd"><responseDate>2026-04-13T18:26:39Z</responseDate><request verb="GetRecord" identifier="oai:www.recercat.cat:2072/274964" metadataPrefix="marc">https://recercat.cat/oai/request</request><GetRecord><record><header><identifier>oai:recercat.cat:2072/274964</identifier><datestamp>2024-12-13T09:09:41Z</datestamp><setSpec>com_2072_96871</setSpec><setSpec>com_2072_96852</setSpec><setSpec>com_2072_2015</setSpec><setSpec>col_2072_96872</setSpec></header><metadata><record xmlns="http://www.loc.gov/MARC21/slim" xmlns:dcterms="http://purl.org/dc/terms/" xmlns:xsi="http://www.w3.org/2001/XMLSchema-instance" xmlns:doc="http://www.lyncode.com/xoai" xsi:schemaLocation="http://www.loc.gov/MARC21/slim http://www.loc.gov/standards/marcxml/schema/MARC21slim.xsd">
   <leader>00925njm 22002777a 4500</leader>
   <datafield ind2=" " ind1=" " tag="042">
      <subfield code="a">dc</subfield>
   </datafield>
   <datafield ind2=" " ind1=" " tag="720">
      <subfield code="a">Capdeferro i Pla, Josep</subfield>
      <subfield code="e">author</subfield>
   </datafield>
   <datafield ind2=" " ind1=" " tag="720">
      <subfield code="a">Serra i Puig, Eva</subfield>
      <subfield code="e">author</subfield>
   </datafield>
   <datafield ind2=" " ind1=" " tag="520">
      <subfield code="a">El Tribunal de Contrafaccions fou una institució mixta i paritària, formada per tres jutges de part de la monarquia i tres de part dels braços de la Cort de Catalunya. La seva missió fou defensar a escala suprema, per sobre del mateix rei, el respecte envers el dret català. La seva activitat va condemnar i va prevenir actuacions contràries a les constitu-senyorials. El Tribunal funcionà de manera intensa entre els anys 1702 i 1705, durant el regnat de Felip de Borbó. Ara en un període dramàtic de la Guerra de Successió, com a mínim entre gener i juny de l’any 1713. Ens consta a través d’unes ratlles de les Narraciones históricas de Francesc de Castellví, als Dietaris de la Generalitat de Catalunya i, sobretot, gràcies a un procés inèdit que hem localitzat a l’ACA de Barcelona. En tal procés, els sis jutges de contrafaccions, posicionats unànimement, aconseguiren que dos civils humils fossin sostrets de la jurisdicció militar que els havia condemnat il·legítimament a quatre anys remant a galeres. El Tribunal acabà sentenciant que el responsable de jurisdicció a Catalunya en el futur. El Decret de Nova Planta (1715-1716) aboliria aquest important òrgan, com la resta d’institucions polítiques catalanes d’arrel pactista i iuscentrista.</subfield>
   </datafield>
   <datafield ind1="8" ind2=" " tag="024">
      <subfield code="a">Capdeferro J, Serra E. La reactivació del Tribunal de Contrafaccions de Catalunya durant la guerra. A: Mollfulleda C, Sallés N, editores. Els Tractats d’Utrecht: clarors i foscors de la pau, la resistència dels catalans : 9-12 abril 2014: actes del congrés. Barcelona: Museu d'Història de Catalunya. 2014; p. 437- 443</subfield>
   </datafield>
   <datafield ind1="8" ind2=" " tag="024">
      <subfield code="a">http://hdl.handle.net/10230/23744</subfield>
   </datafield>
   <datafield tag="653" ind2=" " ind1=" ">
      <subfield code="a">Catalunya. Tribunal de Contrafaccions -- Història</subfield>
   </datafield>
   <datafield tag="653" ind2=" " ind1=" ">
      <subfield code="a">Dret català -- Història -- S. XVIII</subfield>
   </datafield>
   <datafield tag="653" ind2=" " ind1=" ">
      <subfield code="a">Catalunya -- Política i govern -- 1700-1746</subfield>
   </datafield>
   <datafield ind2="0" ind1="0" tag="245">
      <subfield code="a">La reactivació del Tribunal de Contrafaccions de Catalunya durant la guerra</subfield>
   </datafield>
</record></metadata></record></GetRecord></OAI-PMH>